000
00299nam a2200121Ia 4500
008
220204s9999 xx 000 0 und d
082
_a
621.98
_b
JOH.1-3
100
_a
Johnston, Philip M
245
0
_a
Sheet metal. 3 V.
260
_a
Bombay
_b
Taraporevala
_c
1964
650
_a
Sheet metal
942
_c
BK
999
_c
27560
_d
27560